| 000 | 00819nam a2200277 a 4500 | ||
|---|---|---|---|
| 001 | |||
| 003 | DO-SdBPM | ||
| 005 | 20250203124323.0 | ||
| 008 | 091001s2014 mx a r 000 0 spa d | ||
| 020 | _a9786071619556 | ||
| 040 |
_aDO-SdBPM _bspa _cBPMSU |
||
| 082 |
_aM861.6 _bS685v 2014 _222 |
||
| 100 | 1 |
_a Soler, Martí. _d |
|
| 245 | 1 | 0 |
_aVariaciones de voz y cuerpo / _c Martí Soler |
| 260 |
_aMéxico: _bFondo de Cultura Económica, _c2014 |
||
| 300 |
_a124 páginas ; _bil. ; _c24 cm. |
||
| 490 | 0 | _aPoesía | |
| 590 | _aInventariado, 2025/VM | ||
| 650 | 4 | _aPoesía mexicana | |
| 650 | 4 | _aPoesía amorosa | |
| 650 | 4 |
_aOcéano _vPoesías. |
|
| 650 | 4 | _aLiteratura mexicana | |
| 710 | 2 | _aFondo de Cultura Económica (México) | |
| 910 | _aVMateo V. Cotrol de calidad. BPMSU | ||
| 942 |
_2ddc _cBK |
||
| 999 |
_c14930 _d14930 |
||